Semiología del discurso litrario: una crítica científica del arte verbal

Kaydedildi:
Detaylı Bibliyografya
Yazar: Hendricks, William O (Yazar)
Materyal Türü: Kitap
Dil:İspanyolca
Baskı/Yayın Bilgisi: Madrid Cátedra 1976
Konular:
Etiketler: Etiketle
Etiket eklenmemiş, İlk siz ekleyin!

MARC

LEADER 00000nam a2200000 a 4500
001 UCQ2753
003 CL-VaPUC
008 980731e19760000SP |||||||||||||||||spa|d
082 0 4 |a 401.41  |b HEN  |2 21 
100 0 |a Hendricks, William O  |e author  |9 416807 
245 1 0 |a Semiología del discurso litrario: una crítica científica del arte verbal 
300 |a 253 p 
942 |c BK 
945 |d 19980731 00:00:00  |a crobeson 
260 |a Madrid  |b Cátedra  |c 1976 
650 0 |a Semiótica  |9 265317 
650 0 |a Crítica literaria   |9 269189 
650 0 |a Análisis lingüístico  |9 314711 
650 0 |a Composición literaria  |9 324494 
583 |a last modification  |c 19980731 00:00:00  |k Rodrigo Vera 
999 |c 273523  |d 273521 
952 |0 0  |1 0  |4 0  |6 401_410000000000000_HEN_1976  |7 0  |8 A  |9 309151  |a BIBEDU  |b BIBEDU  |d 2019-11-20  |i 1449168  |o 401.41 HEN 1976  |p 1449168  |r 2019-11-20  |w 2019-11-20  |y BK  |k LIT 
952 |0 0  |1 0  |4 0  |6 401_410000000000000_HEN_1976  |7 0  |8 A  |9 309152  |a BIBEDU  |b BIBEDU  |d 2019-11-20  |i 1231731  |o 401.41 HEN 1976  |p 1231731  |r 2019-11-20  |w 2019-11-20  |y BK  |k LIT